[Event "Asia-chT rapid"]
[Site "Hong Kong"]
[Date "2024.08.23"]
[Round "7.13"]
[White "Xu, Xiangyu"]
[Black "Causo, Deniel"]
[Result "1/2-1/2"]
[WhiteElo "2628"]
[BlackElo "2224"]
[PlyCount "107"]
[EventDate "2024.08.22"]
[EventType "team-swiss (rapid)"]
[EventRounds "11"]
[EventCountry "HKG"]
[SourceTitle "CBM 221 Extra"]
[Source "ChessBase"]
[SourceDate "2024.09.30"]
[SourceVersion "1"]
[SourceVersionDate "2024.09.30"]
[SourceQuality "1"]
[WhiteTeam "Schnappi Krokodil"]
[BlackTeam "Filipino CC"]
[WhiteTeamCountry "CHN"]
[BlackTeamCountry "PHI"]

1. d4 d5 2. Nf3 c6 3. Bf4 Qb6 4. Qc1 Nf6 5. Nbd2 Bf5 6. e3 Nbd7 7. c4 e6 8. h3 Be7 9. c5 Qd8 10. b4 0-0 11. Be2 Ne4 12. 0-0 Re8 13. b5 Nxd2 14. Qxd2 Be4 15. Ne5 Nxe5 16. Bxe5 Bf6 17. a4 Bxe5 18. dxe5 f6 19. Qc3 Rf8 20. f3 Bg6 21. f4 Qe7 22. Rac1 Be4 23. Bf3 Bxf3 24. Rxf3 fxe5 25. Qxe5 Rf5 26. Qd6 Qxd6 27. cxd6 cxb5 28. axb5 Rd8 29. Ra1 Rxd6 30. Rxa7 Rb6 31. Ra5 Rf8 32. Rf1 Rc8 33. f5 Kf7 34. fxe6+ Kxe6 35. Rf4 Rc4 36. Kf2 Rxf4+ 37. exf4 d4 38. Ke2 Kd5 39. Kd3 Kc5 40. Ra8 Rd6 41. Rc8+ Kb6 42. g4 Rd7 43. f5 Kxb5 44. h4 h6 45. Rc1 Ka5 46. g5 hxg5 47. hxg5 b5 48. f6 b4 49. Rf1 gxf6 50. gxf6 Rf7 51. Kxd4 b3 52. Kc3 b2 53. Kxb2 Kb4 54. Ka1 1/2-1/2

[Event "Titled Tuesday intern op 06th Aug Early"]
[Site "Chess.com INT"]
[Date "2024.08.06"]
[Round "9"]
[White "Causo, Deniel"]
[Black "Ashraf, Artin"]
[Result "0-1"]
[WhiteElo "2224"]
[BlackElo "2383"]
[PlyCount "90"]
[EventDate "2024.08.06"]
[EventType "swiss (blitz)"]
[EventRounds "11"]
[EventCountry "USA"]
[SourceTitle "EXT 2025"]
[Source "ChessBase"]
[SourceDate "2024.10.14"]
[SourceVersion "1"]
[SourceVersionDate "2024.10.14"]
[SourceQuality "1"]

1. e4 c5 2. c3 d5 3. exd5 Qxd5 4. d4 Nf6 5. Nf3 Bg4 6. Be2 e6 7. h3 Bh5 8. 0-0 cxd4 9. cxd4 Nc6 10. Nc3 Qd6 11. Be3 Be7 12. a3 0-0 13. Qb3 a6 14. Rfd1 Rfd8 15. Rac1 b5 16. d5 exd5 17. g4 Bg6 18. g5 Na5 19. Qa2 Ne4 20. Nxd5 Ng3 21. fxg3 Qxg3+ 22. Kf1 Qxh3+ 23. Kf2 Bd6 24. Bf4 Bf8 25. Bc7 Nc4 26. Bxc4 Bc5+ 27. Ne3 Rxd1 28. Rxd1 Bh5 29. Be2 Bxe3+ 30. Kxe3 Re8+ 31. Kd2 Rxe2+ 32. Kc1 Re8 33. Re1 Rxe1+ 34. Nxe1 Qe3+ 35. Kc2 Qe2+ 36. Kc3 Qxe1+ 37. Kd4 Qf2+ 38. Kc3 Qc5+ 39. Kd2 Qxc7 40. Qd5 Qb8 41. Qc6 a5 42. b4 axb4 43. axb4 Bg6 44. Qc5 h5 45. Ke3 h4 0-1

[Event "Titled Tuesday intern op 06th Aug Early"]
[Site "Chess.com INT"]
[Date "2024.08.06"]
[Round "2"]
[White "Causo, Deniel"]
[Black "Md, Bashiq Imrose"]
[Result "1-0"]
[WhiteElo "2224"]
[BlackElo "2065"]
[PlyCount "83"]
[EventDate "2024.08.06"]
[EventType "swiss (blitz)"]
[EventRounds "11"]
[EventCountry "USA"]
[SourceTitle "EXT 2025"]
[Source "ChessBase"]
[SourceDate "2024.10.14"]
[SourceVersion "1"]
[SourceVersionDate "2024.10.14"]
[SourceQuality "1"]

1. e4 c6 2. d4 d5 3. Nd2 dxe4 4. Nxe4 Nf6 5. Nxf6+ exf6 6. c3 Bd6 7. Bd3 0-0 8. Ne2 Re8 9. 0-0 Nd7 10. Bf4 Nf8 11. Qd2 Bg4 12. f3 Bh5 13. Rfe1 Bg6 14. Bg3 Qc7 15. Kf2 Re7 16. Nf4 Bxd3 17. Nxd3 Rae8 18. Rxe7 Rxe7 19. Re1 Rxe1 20. Qxe1 Bxg3+ 21. hxg3 b6 22. Qe8 Qd7 23. Qxd7 Nxd7 24. Ke3 Kf8 25. c4 Ke7 26. b4 Kd6 27. Ke4 c5 28. dxc5+ bxc5 29. bxc5+ Nxc5+ 30. Nxc5 Kxc5 31. Kd3 h5 32. Kc3 f5 33. a3 g5 34. Kd3 f6 35. Kc3 a6 36. Kd3 a5 37. Kc3 h4 38. gxh4 gxh4 39. f4 Kc6 40. Kd4 Kd6 41. c5+ Kc6 42. Kc4 1-0

[Event "Titled Tuesday intern op 06th Aug Early"]
[Site "Chess.com INT"]
[Date "2024.08.06"]
[Round "6"]
[White "Causo, Deniel"]
[Black "Samadov, Read"]
[Result "1-0"]
[WhiteElo "2224"]
[BlackElo "2509"]
[PlyCount "57"]
[EventDate "2024.08.06"]
[EventType "swiss (blitz)"]
[EventRounds "11"]
[EventCountry "USA"]
[SourceTitle "EXT 2025"]
[Source "ChessBase"]
[SourceDate "2024.10.14"]
[SourceVersion "1"]
[SourceVersionDate "2024.10.14"]
[SourceQuality "1"]

1. e4 c5 2. c3 d5 3. exd5 Nf6 4. d4 Nxd5 5. Nf3 cxd4 6. cxd4 g6 7. Nc3 Bg7 8. Bc4 Nxc3 9. bxc3 0-0 10. 0-0 Qc7 11. Qe2 Bg4 12. Bd2 Bxf3 13. gxf3 Nc6 14. Rfe1 e6 15. Bb3 Rfd8 16. Rac1 Rac8 17. Bg5 Re8 18. d5 Ne5 19. dxe6 Nc4 20. exf7+ Kxf7 21. Qd3 Rxe1+ 22. Rxe1 Bf6 23. Qd5+ Kg7 24. Bxc4 Bxg5 25. Qxg5 Qxc4 26. Re7+ Kg8 27. Qh6 Qxc3 28. Qxh7+ Kf8 29. Qf7# 1-0

[Event "Titled Tuesday intern op 16th Jul Early"]
[Site "Chess.com INT"]
[Date "2024.07.16"]
[Round "2"]
[White "Causo, Deniel"]
[Black "Sarana, Alexey"]
[Result "0-1"]
[WhiteElo "2224"]
[BlackElo "2717"]
[PlyCount "72"]
[EventDate "2024.07.16"]
[EventType "swiss (blitz)"]
[EventRounds "11"]
[EventCountry "USA"]
[SourceTitle "EXT 2025"]
[Source "ChessBase"]
[SourceDate "2024.10.14"]
[SourceVersion "1"]
[SourceVersionDate "2024.10.14"]
[SourceQuality "1"]

1. e4 c5 2. c3 d5 3. exd5 Qxd5 4. d4 Nf6 5. Nf3 e6 6. Bd3 Nc6 7. 0-0 Be7 8. c4 Qd8 9. dxc5 Bxc5 10. Nc3 h6 11. Qe2 Bd7 12. Bf4 0-0 13. Rad1 Qe7 14. a3 a5 15. Rfe1 Rad8 16. Nb5 Bc8 17. Ne5 Nxe5 18. Bxe5 Bd7 19. Bc7 Rc8 20. Be5 Bxb5 21. cxb5 Rfd8 22. h3 Rd5 23. Bc3 b6 24. Bc2 Rcd8 25. Rd3 Rxd3 26. Bxd3 Nd5 27. Be5 Qg5 28. Qe4 Nf6 29. Bxf6 Qxf6 30. Qh7+ Kf8 31. Re2 Qd4 32. Rd2 Ke7 33. Kf1 Qf4 34. Ke1 g6 35. Qg7 Bd4 36. Qh7 Rh8 0-1

[Event "Titled Tuesday intern op 02nd Jul Late"]
[Site "Chess.com INT"]
[Date "2024.07.02"]
[Round "4"]
[White "Bogaudinov, Rushan"]
[Black "Causo, Deniel"]
[Result "1/2-1/2"]
[WhiteElo "1912"]
[BlackElo "2224"]
[PlyCount "121"]
[EventDate "2024.07.02"]
[EventType "swiss (blitz)"]
[EventRounds "11"]
[EventCountry "USA"]
[SourceTitle "EXT 2025"]
[Source "ChessBase"]
[SourceDate "2024.10.14"]
[SourceVersion "1"]
[SourceVersionDate "2024.10.14"]
[SourceQuality "1"]

1. d4 d5 2. c4 c6 3. Nc3 dxc4 4. a4 e5 5. dxe5 Qxd1+ 6. Kxd1 Be6 7. Nf3 Nd7 8. Bf4 Ne7 9. e3 Ng6 10. Bg3 0-0-0 11. Kc1 Nc5 12. Nd4 Nb3+ 13. Nxb3 cxb3 14. a5 h5 15. h4 Bb4 16. Ra4 Bxc3 17. bxc3 Rd5 18. Bc4 Rc5 19. Bxe6+ fxe6 20. Kb2 Rd8 21. Kxb3 Rb5+ 22. Kc2 Rbd5 23. a6 b6 24. Rha1 Rd2+ 25. Kb3 Kc7 26. Rd4 c5 27. Rxd8 Rxd8 28. Kc2 Kc6 29. c4 Rf8 30. Rd1 Re8 31. Rd6+ Kc7 32. f4 Re7 33. Be1 Nh8 34. g3 Nf7 35. Rd3 Nh6 36. e4 Ng4 37. Rd6 Nh6 38. Kd3 Nf7 39. Bc3 Nxd6 40. exd6+ Kxd6 41. Be5+ Kc6 42. Ke3 b5 43. cxb5+ Kxb5 44. Kd3 Kb4 45. Bd6 Rd7 46. e5 Kb3 47. Ke4 c4 48. f5 exf5+ 49. Kxf5 c3 50. Ke6 Rd8 51. Ke7 Ra8 52. e6 c2 53. Bf4 Rc8 54. Kf7 c1Q 55. Bxc1 Rxc1 56. e7 Rf1+ 57. Kxg7 Re1 58. Kf7 Rf1+ 59. Kg7 Re1 60. Kf7 Rf1+ 61. Kg7 1/2-1/2

[Event "Titled Tuesday intern op 02nd Jul Late"]
[Site "Chess.com INT"]
[Date "2024.07.02"]
[Round "1"]
[White "Causo, Deniel"]
[Black "Efremova, Yulia"]
[Result "1-0"]
[WhiteElo "2224"]
[BlackElo "2127"]
[PlyCount "63"]
[EventDate "2024.07.02"]
[EventType "swiss (blitz)"]
[EventRounds "11"]
[EventCountry "USA"]
[SourceTitle "EXT 2025"]
[Source "ChessBase"]
[SourceDate "2024.10.14"]
[SourceVersion "1"]
[SourceVersionDate "2024.10.14"]
[SourceQuality "1"]

1. e4 d5 2. exd5 Nf6 3. d4 Bg4 4. Nf3 Qxd5 5. Be2 Nc6 6. c4 Qh5 7. Be3 0-0-0 8. Nbd2 e6 9. a3 h6 10. h3 Ne7 11. 0-0 Bxh3 12. Ne5 Qf5 13. gxh3 Qxh3 14. Nxf7 Nf5 15. Bf3 Nxd4 16. Bg2 Qh4 17. Nf3 Nxf3+ 18. Qxf3 c6 19. Nxd8 Bd6 20. Qh3 Qxh3 21. Bxh3 Rxd8 22. Bxe6+ Kc7 23. Rad1 Re8 24. Bh3 g5 25. b4 g4 26. Bg2 h5 27. c5 Be5 28. Rfe1 h4 29. Bg5 g3 30. Rxe5 gxf2+ 31. Kf1 Rxe5 32. Bf4 1-0

[Event "Titled Tuesday intern op 25th Jun Early"]
[Site "Chess.com INT"]
[Date "2024.06.25"]
[Round "3"]
[White "Hernandez Izquierdo, Jose A"]
[Black "Causo, Deniel"]
[Result "1/2-1/2"]
[WhiteElo "2209"]
[BlackElo "2224"]
[PlyCount "117"]
[EventDate "2024.06.25"]
[EventType "swiss (blitz)"]
[EventRounds "11"]
[EventCountry "USA"]
[SourceTitle "EXT 2025"]
[Source "ChessBase"]
[SourceDate "2024.10.14"]
[SourceVersion "1"]
[SourceVersionDate "2024.10.14"]
[SourceQuality "1"]

1. e4 d5 2. exd5 Nf6 3. d4 Bg4 4. Be2 Bxe2 5. Nxe2 Qxd5 6. Nbc3 Qh5 7. 0-0 Nc6 8. Nf4 Qxd1 9. Rxd1 0-0-0 10. Be3 e6 11. d5 exd5 12. Ncxd5 Nxd5 13. Nxd5 Bd6 14. c4 Be5 15. Rab1 Rhe8 16. b4 Ne7 17. Nxe7+ Rxe7 18. Rxd8+ Kxd8 19. g3 a6 20. Rd1+ Kc8 21. Rd5 c6 22. Rd3 Bc7 23. Kg2 Rd7 24. Rxd7 Kxd7 25. Kf3 Ke6 26. Ke4 b5 27. c5 Be5 28. Bd2 f5+ 29. Kd3 Kd5 30. f3 Bd4 31. Bc3 Bg1 32. Bxg7 Bxh2 33. g4 fxg4 34. fxg4 Bf4 35. Bf6 Bc1 36. Bg7 Ba3 37. Bc3 a5 38. bxa5 Bxc5 39. Bd2 Ba7 40. a3 c5 41. Be3 c4+ 42. Ke2 Bxe3 43. Kxe3 Kc5 44. Kd2 Kc6 45. Kc3 Kb7 46. a4 bxa4 47. Kxc4 Ka6 48. Kb4 a3 49. Kxa3 Kxa5 50. Kb3 Kb5 51. Kc3 Kc5 52. Kd3 Kd5 53. Ke3 Ke5 54. Kf3 h6 55. Kg3 Ke4 56. Kh4 Kf4 57. Kh5 Kg3 58. g5 hxg5 59. Kxg5 1/2-1/2

[Event "Titled Tuesday intern op 18th Jun Early"]
[Site "Chess.com INT"]
[Date "2024.06.18"]
[Round "3"]
[White "Causo, Deniel"]
[Black "Dominguez Perez, Leinier"]
[Result "0-1"]
[WhiteElo "2224"]
[BlackElo "2748"]
[PlyCount "110"]
[EventDate "2024.06.18"]
[EventType "swiss (blitz)"]
[EventRounds "11"]
[EventCountry "USA"]
[SourceTitle "EXT 2025"]
[Source "ChessBase"]
[SourceDate "2024.10.14"]
[SourceVersion "1"]
[SourceVersionDate "2024.10.14"]
[SourceQuality "1"]

1. e4 c5 2. c3 Nf6 3. e5 Nd5 4. d4 cxd4 5. cxd4 d6 6. Nf3 dxe5 7. Nxe5 Nc6 8. Bc4 e6 9. Bb5 Qa5+ 10. Nc3 Nxc3 11. Bxc6+ bxc6 12. bxc3 Qxc3+ 13. Bd2 Qxd4 14. Nf3 Qe4+ 15. Kf1 Be7 16. Kg1 0-0 17. Bc3 Rd8 18. Qc1 c5 19. h4 Bb7 20. Rh3 f6 21. Rg3 Kh8 22. Qb2 Rab8 23. Re1 Qf5 24. Qa3 Bd6 25. Rh3 a6 26. h5 h6 27. Ba5 Rd7 28. Qa4 Re7 29. Nh4 Qxh5 30. Qc2 f5 31. Bc3 Kh7 32. Nf3 Qg6 33. Qd2 Rd8 34. Ng5+ Kg8 35. Qe3 Qxg5 36. Qxg5 hxg5 37. Rhe3 Kf7 38. f3 c4 39. R3e2 Bd5 40. Kf1 Rb7 41. Rd2 Rdb8 42. Ke2 Rb1 43. Rxb1 Rxb1 44. Bd4 g4 45. fxg4 fxg4 46. Ke3 Kg6 47. Bc3 Rf1 48. Bd4 Bf4+ 49. Ke2 Bxd2 50. Kxf1 c3 51. Ke2 Bc4+ 52. Kd1 Bxa2 53. Kc2 Bd5 54. Bxc3 Bxc3 55. Kxc3 Bxg2 0-1

[Event "Titled Tuesday intern op 18th Jun Early"]
[Site "Chess.com INT"]
[Date "2024.06.18"]
[Round "4"]
[White "Causo, Deniel"]
[Black "Ristic, Nebojsa M"]
[Result "0-1"]
[WhiteElo "2224"]
[BlackElo "2248"]
[PlyCount "96"]
[EventDate "2024.06.18"]
[EventType "swiss (blitz)"]
[EventRounds "11"]
[EventCountry "USA"]
[SourceTitle "EXT 2025"]
[Source "ChessBase"]
[SourceDate "2024.10.14"]
[SourceVersion "1"]
[SourceVersionDate "2024.10.14"]
[SourceQuality "1"]

1. e4 Nc6 2. Nf3 d6 3. Nc3 Nf6 4. Bc4 g6 5. d3 Bg7 6. h3 0-0 7. 0-0 a6 8. Re1 Na5 9. Bb3 Nxb3 10. axb3 e5 11. Bg5 h6 12. Bh4 g5 13. Bg3 Nh5 14. Bh2 Nf4 15. d4 exd4 16. Nxd4 Qf6 17. Nde2 Nxe2+ 18. Rxe2 Be6 19. e5 dxe5 20. Bxe5 Qg6 21. Bxc7 g4 22. h4 Rac8 23. Be5 g3 24. Bxg7 Qxg7 25. fxg3 Bg4 26. Qc1 Rxc3 27. bxc3 Bxe2 28. Qe3 Bb5 29. Rd1 Re8 30. Qf4 Qxc3 31. Kh2 Qg7 32. Rd6 Re6 33. Rd8+ Kh7 34. c4 Bc6 35. Rd2 Qf6 36. Qg4 Qg6 37. Qf4 Re4 38. Qc7 Re3 39. Rf2 Kg7 40. b4 h5 41. Qf4 Re4 42. Qc1 Rg4 43. Qc3+ Kh7 44. Rf6 Rxh4+ 45. Kg1 Qb1+ 46. Kf2 Qa2+ 47. Ke3 Re4+ 48. Kd3 Qe2# 0-1

[Event "Titled Tuesday intern op 11th Jun Early"]
[Site "Chess.com INT"]
[Date "2024.06.11"]
[Round "9"]
[White "Causo, Deniel"]
[Black "Bharath, Subramaniyam H"]
[Result "0-1"]
[WhiteElo "2224"]
[BlackElo "2550"]
[PlyCount "106"]
[EventDate "2024.06.11"]
[EventType "swiss (blitz)"]
[EventRounds "11"]
[EventCountry "USA"]
[SourceTitle "EXT 2025"]
[Source "ChessBase"]
[SourceDate "2024.10.14"]
[SourceVersion "1"]
[SourceVersionDate "2024.10.14"]
[SourceQuality "1"]

1. e4 e5 2. Nf3 Nc6 3. Bc4 Nf6 4. d3 h6 5. Nc3 d6 6. 0-0 Na5 7. Bb3 Nxb3 8. axb3 c5 9. Nd2 Be7 10. Nc4 0-0 11. f4 exf4 12. Bxf4 Be6 13. Ne3 a6 14. Qf3 b5 15. Rae1 Rc8 16. Ncd5 Nxd5 17. exd5 Bd7 18. c4 Kh8 19. Qh5 Kh7 20. Bxh6 g6 21. Bxf8+ gxh5 22. Rxf7+ Kg8 23. Bxe7 Qe8 24. Rff1 Qxe7 25. Nf5 Qxe1 26. Nh6+ Kg7 27. Rxe1 Kxh6 28. Re7 Bf5 29. Kf2 Bxd3 30. Re6+ Kg5 31. Rxd6 bxc4 32. bxc4 Bxc4 33. Ke3 Rb8 34. Rc6 Bxd5 35. Rxc5 Rb5 36. Rc2 Rb4 37. g3 Kg4 38. Rd2 Rb3+ 39. Kd4 Bf3 40. Ke5 a5 41. Rd4+ Kh3 42. Rh4+ Kg2 43. Kf4 Rxb2 44. h3 Rb4+ 45. Kg5 Rxh4 46. Kxh4 a4 47. g4 a3 48. gxh5 a2 49. h6 a1Q 50. h7 Qg7 51. h8Q Qxh8+ 52. Kg5 Qxh3 53. Kf6 Kg3 0-1

[Event "Titled Tuesday intern op 11th Jun Early"]
[Site "Chess.com INT"]
[Date "2024.06.11"]
[Round "3"]
[White "Causo, Deniel"]
[Black "Bruhovich, Olexandr"]
[Result "1-0"]
[WhiteElo "2224"]
[BlackElo "2208"]
[PlyCount "103"]
[EventDate "2024.06.11"]
[EventType "swiss (blitz)"]
[EventRounds "11"]
[EventCountry "USA"]
[SourceTitle "EXT 2025"]
[Source "ChessBase"]
[SourceDate "2024.10.14"]
[SourceVersion "1"]
[SourceVersionDate "2024.10.14"]
[SourceQuality "1"]

1. e4 c5 2. d4 d6 3. c3 cxd4 4. cxd4 Nf6 5. Nc3 g6 6. Nf3 Bg7 7. Be2 0-0 8. 0-0 Nc6 9. h3 Bd7 10. Be3 Rc8 11. Rc1 a6 12. a3 Na5 13. Nd2 e6 14. b4 Nc6 15. Qb3 Ne7 16. Nc4 Bc6 17. f3 d5 18. Na5 dxe4 19. Nxc6 Nxc6 20. Rfd1 exf3 21. Bxf3 Qe7 22. d5 exd5 23. Bc5 Qe5 24. Bxf8 Bxf8 25. Nxd5 Nxd5 26. Qxd5 Qe3+ 27. Kh1 Rd8 28. Qa2 Bd6 29. Rf1 Qf4 30. g4 Qg3 31. Qg2 Qh4 32. Rcd1 Ne5 33. Bxb7 Kg7 34. Bxa6 h5 35. gxh5 Qxh5 36. Be2 Qh4 37. Rd5 f6 38. Rfd1 Nf7 39. b5 Bc7 40. Rxd8 Bxd8 41. Qg4 Qf2 42. Rf1 Qc5 43. Rg1 g5 44. a4 Bc7 45. Bc4 Qd6 46. Qg2 Ne5 47. Be2 Qd2 48. Rd1 Qf4 49. Bg4 Nxg4 50. hxg4 Qe5 51. Rc1 Bd6 52. b6 1-0

[Event "Titled Tuesday intern op 11th Jun Early"]
[Site "Chess.com INT"]
[Date "2024.06.11"]
[Round "4"]
[White "Korol, Dimitry"]
[Black "Causo, Deniel"]
[Result "0-1"]
[WhiteElo "2287"]
[BlackElo "2224"]
[PlyCount "66"]
[EventDate "2024.06.11"]
[EventType "swiss (blitz)"]
[EventRounds "11"]
[EventCountry "USA"]
[SourceTitle "EXT 2025"]
[Source "ChessBase"]
[SourceDate "2024.10.14"]
[SourceVersion "1"]
[SourceVersionDate "2024.10.14"]
[SourceQuality "1"]

1. d4 d5 2. c4 c6 3. Nc3 dxc4 4. e3 b5 5. a4 b4 6. Na2 e6 7. Bxc4 Nf6 8. Nf3 Be7 9. 0-0 0-0 10. Qe2 a5 11. Rd1 Nbd7 12. e4 Bb7 13. Bg5 h6 14. Bh4 Re8 15. Nc1 Qb6 16. e5 Nd5 17. Bxe7 Nxe7 18. Nb3 Red8 19. Rac1 Rac8 20. h3 c5 21. Bb5 Bxf3 22. Qxf3 cxd4 23. Rxc8 Nxc8 24. Bxd7 Rxd7 25. Qa8 Rd8 26. Rxd4 Rxd4 27. Nxd4 Qxd4 28. Qxc8+ Kh7 29. Qc7 Qxb2 30. Qxa5 b3 31. Kh2 Qc2 32. Qa7 b2 33. Qxf7 b1Q 0-1

[Event "Titled Tuesday intern op 11th Jun Early"]
[Site "Chess.com INT"]
[Date "2024.06.11"]
[Round "10"]
[White "Kozak, Antoni"]
[Black "Causo, Deniel"]
[Result "1-0"]
[WhiteElo "2434"]
[BlackElo "2224"]
[PlyCount "77"]
[EventDate "2024.06.11"]
[EventType "swiss (blitz)"]
[EventRounds "11"]
[EventCountry "USA"]
[SourceTitle "EXT 2025"]
[Source "ChessBase"]
[SourceDate "2024.10.14"]
[SourceVersion "1"]
[SourceVersionDate "2024.10.14"]
[SourceQuality "1"]

1. e4 d5 2. exd5 Nf6 3. Nc3 Nxd5 4. g3 Bf5 5. Bg2 c6 6. Nf3 e6 7. Nh4 Bg6 8. 0-0 Be7 9. Nxg6 hxg6 10. Nxd5 cxd5 11. c4 Nc6 12. cxd5 exd5 13. Qb3 0-0 14. Qxd5 Qb6 15. d3 Rad8 16. Qc4 Bf6 17. Be3 Bd4 18. Bg5 Rd6 19. Rab1 Ne5 20. Qb3 Nxd3 21. Be7 Bxf2+ 22. Kh1 Rd7 23. Bxf8 Kxf8 24. Be4 Qxb3 25. axb3 Nc5 26. Bxg6 Bd4 27. Bf5 Re7 28. b4 Ne6 29. Rbd1 Bf6 30. Rfe1 Bxb2 31. b5 g6 32. Bg4 Kg7 33. Rd6 Ba3 34. Rdd1 f5 35. Bf3 Kf6 36. Bd5 Bb4 37. Re2 Nc7 38. Rxe7 Bxe7 39. Bc4 1-0

[Event "Titled Tuesday intern op 04th Jun Early"]
[Site "Chess.com INT"]
[Date "2024.06.04"]
[Round "3"]
[White "Causo, Deniel"]
[Black "Talibov, Shiroghlan"]
[Result "1-0"]
[WhiteElo "2224"]
[BlackElo "2361"]
[PlyCount "101"]
[EventDate "2024.06.04"]
[EventType "swiss (blitz)"]
[EventRounds "11"]
[EventCountry "USA"]
[SourceTitle "EXT 2025"]
[Source "ChessBase"]
[SourceDate "2024.10.14"]
[SourceVersion "1"]
[SourceVersionDate "2024.10.14"]
[SourceQuality "1"]

1. e4 c5 2. c3 d6 3. d4 Nd7 4. Nf3 Qc7 5. Bf4 Ngf6 6. Nbd2 b6 7. h3 Bb7 8. Bd3 e6 9. 0-0 Be7 10. b4 0-0 11. a4 a5 12. b5 Rfe8 13. Re1 Bf8 14. Rc1 e5 15. Bh2 Rad8 16. Qb3 Nh5 17. Bc4 Re7 18. Ng5 Ndf6 19. dxe5 dxe5 20. Ndf3 Nf4 21. Nxf7 Rxf7 22. Bxf7+ Kh8 23. Bxf4 exf4 24. Ng5 h6 25. e5 hxg5 26. exf6 gxf6 27. Qe6 Kg7 28. Bh5 Bd6 29. Qf5 Be5 30. Rcd1 Rd5 31. Rxd5 Bxd5 32. Rd1 Qb7 33. c4 Be4 34. Rd7+ Kf8 35. Rxb7 Bxf5 36. Rxb6 Bd3 37. Rc6 Bd4 38. b6 Be4 39. b7 Be5 40. Rc8+ Ke7 41. b8Q Bxb8 42. Rxb8 Bd3 43. Rb5 Kd6 44. Rxa5 Bxc4 45. Bf3 Bb3 46. Ra8 c4 47. a5 c3 48. Rc8 c2 49. a6 Kd7 50. Rc3 Kd6 51. a7 1-0

[Event "Titled Tuesday intern op 28th May Early"]
[Site "Chess.com INT"]
[Date "2024.05.28"]
[Round "5"]
[White "Causo, Deniel"]
[Black "Boyer, Mahel"]
[Result "1-0"]
[WhiteElo "2224"]
[BlackElo "2454"]
[PlyCount "139"]
[EventDate "2024.05.28"]
[EventType "swiss (blitz)"]
[EventRounds "11"]
[EventCountry "USA"]
[SourceTitle "EXT 2025"]
[Source "ChessBase"]
[SourceDate "2024.10.14"]
[SourceVersion "1"]
[SourceVersionDate "2024.10.14"]
[SourceQuality "1"]

1. e4 Nc6 2. Nf3 d5 3. exd5 Qxd5 4. Nc3 Qh5 5. Be2 Bg4 6. h3 0-0-0 7. d3 e5 8. 0-0 Bxf3 9. Bxf3 Qg6 10. Re1 Nge7 11. Be3 f5 12. b4 e4 13. Be2 Qf6 14. Bd2 Ng6 15. dxe4 Nh4 16. Bd3 Ne5 17. Bf4 Bxb4 18. Nd5 Qg6 19. Bg3 Rxd5 20. exd5 Bxe1 21. Bxh4 Bc3 22. Rb1 Kb8 23. Bg3 Qf6 24. Bxe5 Bxe5 25. Qf3 g6 26. d6 c6 27. Qxc6 Qg7 28. d7 Bh2+ 29. Kxh2 Qe5+ 30. Kg1 Qc7 31. Qxc7+ Kxc7 32. Rd1 Kxd7 33. Bxf5+ Kc7 34. Be4 Re8 35. f3 Re7 36. Kf2 Kb6 37. g4 Kc5 38. Kg3 b5 39. h4 Kc4 40. Bd5+ Kc3 41. Bb3 a5 42. Rd3+ Kb2 43. a4 bxa4 44. Bxa4 Rc7 45. Rd4 Kc3 46. Re4 Kd2 47. g5 Kc3 48. Kg4 Kb2 49. h5 Ka3 50. hxg6 hxg6 51. Bb3 Rc5 52. Ra4+ Kb2 53. f4 Rb5 54. Rc4 Rd5 55. Rc6 Rd2 56. Rxg6 Rd4 57. Ra6 Rd2 58. Rxa5 Rg2+ 59. Kf5 Rg1 60. g6 Re1 61. g7 Re8 62. g8Q Re7 63. Qh8+ Rg7 64. Qxg7+ Kc1 65. Ra1+ Kd2 66. Qg2+ Kc3 67. Rd1 Kb4 68. c4 Ka5 69. Qd2+ Kb6 70. Qb4+ 1-0

[Event "Titled Tuesday intern op 28th May Early"]
[Site "Chess.com INT"]
[Date "2024.05.28"]
[Round "6"]
[White "Galchenko, Matvey"]
[Black "Causo, Deniel"]
[Result "1/2-1/2"]
[WhiteElo "2438"]
[BlackElo "2224"]
[PlyCount "96"]
[EventDate "2024.05.28"]
[EventType "swiss (blitz)"]
[EventRounds "11"]
[EventCountry "USA"]
[SourceTitle "EXT 2025"]
[Source "ChessBase"]
[SourceDate "2024.10.14"]
[SourceVersion "1"]
[SourceVersionDate "2024.10.14"]
[SourceQuality "1"]

1. f4 d5 2. Nf3 Nf6 3. g3 Bg4 4. Bg2 c6 5. 0-0 Nbd7 6. d3 Bxf3 7. Bxf3 e5 8. Nc3 Bd6 9. e4 dxe4 10. dxe4 Bc5+ 11. Kh1 Qe7 12. Qe2 h5 13. f5 0-0-0 14. Bg5 Bd4 15. Nd1 Bb6 16. a4 a6 17. a5 Ba7 18. Ne3 Qb4 19. c3 Qc5 20. Nc4 Kb8 21. b4 Qe7 22. Rad1 c5 23. b5 axb5 24. Nd6 b4 25. Qb5 Nf8 26. Nxb7 Rxd1 27. Nxc5+ Kc8 28. Qa6+ Kb8 29. Rxd1 Bxc5 30. cxb4 Bd4 31. Qb5+ Qb7 32. Qc4 N8d7 33. Qxf7 Ng4 34. Qxg7 Rc8 35. Bxg4 hxg4 36. f6 Qb5 37. Re1 Qd3 38. Be3 Bxe3 39. Qxg4 Bf2 40. Rd1 Qe3 41. Kg2 Rc2 42. Kh3 Qh6+ 43. Qh4 Qxf6 44. Rxd7 Qe6+ 45. Qg4 Qh6+ 46. Qh4 Qe6+ 47. Qg4 Qh6+ 48. Qh4 Qe6+ 1/2-1/2

[Event "Titled Tuesday intern op 21st May Early"]
[Site "Chess.com INT"]
[Date "2024.05.21"]
[Round "2"]
[White "Causo, Deniel"]
[Black "Yurasova, Daria"]
[Result "1-0"]
[WhiteElo "2224"]
[BlackElo "2105"]
[PlyCount "65"]
[EventDate "2024.05.21"]
[EventType "swiss (blitz)"]
[EventRounds "11"]
[EventCountry "USA"]
[SourceTitle "CBM 220 Extra"]
[Source "ChessBase"]
[SourceDate "2024.07.31"]
[SourceVersion "1"]
[SourceVersionDate "2024.07.31"]
[SourceQuality "1"]

1. e4 e5 2. Nf3 Nc6 3. Bc4 Bc5 4. Nc3 Nf6 5. d3 d6 6. Be3 Bb6 7. 0-0 0-0 8. h3 Be6 9. Bb3 Bxb3 10. axb3 Ne7 11. Bg5 Ng6 12. Nd5 c6 13. Nxf6+ gxf6 14. Bh6 Re8 15. Nd2 Qe7 16. Nc4 Bd8 17. Ne3 Qd7 18. Nf5 Be7 19. Qh5 d5 20. f3 Qc7 21. h4 Qb6+ 22. Kh1 Qc5 23. Qg4 Bf8 24. h5 Bxh6 25. Nxh6+ Kg7 26. Nf5+ Kg8 27. c3 dxe4 28. fxe4 Rad8 29. Rf3 Qb5 30. Raf1 Rxd3 31. hxg6 fxg6 32. Nh6+ Kg7 33. Rxf6 1-0

[Event "Titled Tuesday intern op 07th May Early"]
[Site "Chess.com INT"]
[Date "2024.05.07"]
[Round "6"]
[White "Causo, Deniel"]
[Black "Berezin, Viktor1"]
[Result "1-0"]
[WhiteElo "2224"]
[BlackElo "2307"]
[PlyCount "75"]
[EventDate "2024.05.07"]
[EventType "swiss (blitz)"]
[EventRounds "11"]
[EventCountry "USA"]
[SourceTitle "EXT 2025"]
[Source "ChessBase"]
[SourceDate "2024.10.14"]
[SourceVersion "1"]
[SourceVersionDate "2024.10.14"]
[SourceQuality "1"]

1. e4 g6 2. d4 Bg7 3. Nc3 d6 4. Nf3 Nf6 5. h3 0-0 6. Be3 c6 7. Qd2 Qc7 8. 0-0-0 e5 9. Bh6 Re8 10. Bxg7 Kxg7 11. g4 b5 12. dxe5 dxe5 13. Qe3 Nbd7 14. Bg2 Nb6 15. Nh4 h6 16. g5 hxg5 17. Qxg5 Nh7 18. Qg3 Nc4 19. b3 Qa5 20. bxc4 Qa3+ 21. Kd2 Be6 22. cxb5 Red8+ 23. Ke1 cxb5 24. Nd5 Qxa2 25. Nf5+ Kh8 26. Nfe7 Qxc2 27. Bf3 Qc5 28. Qh4 Kg7 29. Rg1 Bxd5 30. Nxd5 Rac8 31. Kf1 Qa3 32. Kg2 Rd7 33. Qg3 Qb2 34. Bg4 Rdc7 35. Bxc8 Rxc8 36. Rb1 Qd4 37. Qe3 Qa4 38. Ra1 1-0